Alles mit J (mit Hinweisen) - Statistiken

Allgemein
  • Dieses Quiz wurde 157 mal gespielt
  • Das Durchschnittsergebnis liegt bei 32 aus 50
Antwortstatistiken
Kategorie Hinweis Antwort % Korrekt
Geografisches Allerlei Fluss im Nahen Osten Jordan
96%
Sonstiges Automarke Jeep / Jaguar
94%
Länder Asien Jordanien
94%
Pflanzen & Tiere Drittgrößte Raubkatze Jaguar
93%
Hauptstädte Israel Jerusalem
93%
Berühmte Personen Serienmörder in London J{ack} the R{ipper}
91%
Länder Nordamerika Jamaika
91%
Länder Asien Japan
91%
Länder Asien Jemen
91%
Berühmte Personen Ehem. römischer Diktator J{ulius} C{aesar}
91%
Weitere Städte Großstadt in Thüringen Jena
90%
Hauptstädte Indonesien Jakarta
89%
Berühmte Personen Ehem. Beatles-Mitglied J{ohn} L{ennon}
89%
Sonstiges Fachmann für Schmuck Juwelier
84%
Berühmte Personen 46. US-Präsident J{oe} B{iden}
83%
Weitere Städte Millionenstadt in Südafrika Johannesburg
83%
Sonstiges Ein Anwalt ist ein… Jurist
82%
Weitere Städte Stadt in Niedersachsen (Bier) Jever
79%
Sonstiges Maßeinheit für Energie Joule
79%
Berühmte Personen Britischer Fernsehkoch J{amie} O{liver}
76%
Berühmte Personen Amazon-Gründer J{eff} B{ezos}
75%
Essen & Trinken Obst, rot oder schwarz Johannisbeere
74%
Essen & Trinken Kräuterlikör Jägermeister
73%
Essen & Trinken Milchspeise Joghurt
73%
Berühmte Personen Willy Wonka, Jack Sparrow J{ohnny} D{epp}
70%
Essen & Trinken Chili aus Mexiko Jalapeno
69%
Berühmte Personen Schauspieler aus Hongkong J{ackie} C{han}
67%
Geografisches Allerlei Hauptinsel Indonesiens Java
63%
Hauptstädte Armenien Jerewan
56%
Essen & Trinken Panierte Fleischscheibe Jägerschnitzel
52%
Geografisches Allerlei Längster Fluss Chinas Jangtsekiang
52%
Geografisches Allerlei Ostfriesische Insel Juist
52%
Berühmte Personen Ehem. amerik. Wrestler J{ohn} C{ena}
51%
Geografisches Allerlei Bucht in der Nordsee Jadebusen
50%
Berühmte Personen Katniss Everdeen J{ennifer} L{awrence}
48%
Sonstiges Outdoor-Ausrüster Jack Wolfskin
47%
Geografisches Allerlei Schweizer Kanton Jura
46%
Essen & Trinken Deutsche Brühwurst Jagdwurst
44%
Pflanzen & Tiere Duft- und Zierpflanze Jasmin
43%
Hauptstädte Kamerun Jaunde
40%
Pflanzen & Tiere Junges männliches Rind Jungbulle
40%
Essen & Trinken Frucht aus Asien (gelbes Fleisch) Jackfrucht
33%
Pflanzen & Tiere Kleine Hunderasse Jack Russel Terrier
32%
Hauptstädte Südsudan Juba
32%
Pflanzen & Tiere Heilkraut (gelbe Blüten) Johanniskraut
29%
Pflanzen & Tiere Pflanze (Textilfasern) Jute
27%
Pflanzen & Tiere Essbares Schalentier Jakobsmuschel
25%
Essen & Trinken Apfelsorte Jonagold
22%
Pflanzen & Tiere Braunes fliegendes Insekt Junikäfer
21%
Pflanzen & Tiere Baum mit braunen Früchten Johannisbrotbaum
9%
Keine übereinstimmenden Quizze gefunden
Verteilung der Resultate
Anzahl Personen mit jedem Resultat
Perzentil nach korrekt beantworteten Fragen
Ihre Resultats-Entwicklung
Sie haben dieses Quiz noch nicht gespielt